İçeriği atla
Hesabım
Çıkış
Giriş
Dil
English
Deutsch
Español
Français
Italiano
日本語
Nederlands
Português
Português (Brasil)
中文(简体)
中文(繁體)
Türkçe
עברית
Gaeilge
Cymraeg
Ελληνικά
Català
Euskara
Русский
Čeština
Suomi
Svenska
polski
Dansk
slovenščina
اللغة العربية
বাংলা
Galego
Tiếng Việt
Hrvatski
हिंदी
Tüm Alanlar
Materyal Adı
Yazar
Konu
Yer Numarası
ISBN/ISSN
Etiket
Ara
Gelişmiş
Arama
Cây thông reo giữa trời...
MARC Görünümü
Alıntıla
E-posta Gönder
Yazdır
Kaydı İhraç Et
İhraç Et RefWorks
İhraç Et EndNoteWeb
İhraç Et EndNote
İhraç Et MARC
İhraç Et MARCXML
İhraç Et RDF
İhraç Et BibTeX
İhraç Et RIS
Favorilerime ekle
Cây thông reo giữa trời
Kaydedildi:
Detaylı Bibliyografya
Materyal Türü:
Kitap
Dil:
Undetermined
Konular:
Vietnam
History
Etiketler:
Etiketle
Etiket eklenmemiş, İlk siz ekleyin!
Thư viện lưu trữ:
Trung tâm Học liệu Trường Đại học Cần Thơ
Erişim Bilgileri
Diğer Bilgiler
Yorumlar
Benzer Materyaller
MARC Görünümü
LEADER
00374nam a2200145Ia 4500
001
CTU_102288
008
210402s9999 xx 000 0 und d
082
|a
959.7092
082
|b
C126
245
0
|a
Cây thông reo giữa trời
650
|a
Vietnam
650
|x
History
904
|i
M.Loan
915
|a
900
980
|a
Trung tâm Học liệu Trường Đại học Cần Thơ
Benzer Materyaller
Miền thông reo /
Yazar:: Jewett, Sarah Orne.
Người viết lên trời xanh
Thông reo Ngàn Hống
Yazar:: Nguyễn, Thế Quang
Baskı/Yayın Bilgisi: (2018)
Ngàn thông gió reo /
Yazar:: Hữu Phương
Rẻo cao
Yazar:: Nguyên Ngọc
Baskı/Yayın Bilgisi: (1980)
Yüklüyor......